Elektronnaja Kazaň 2012 [zborník] : materialy četviortoj Meždunarodnoj naučno-praktičeskoj konferencii : Kazaň, 24 - 26 aprelja 2012 goda

Na minha lista:
Detalhes bibliográficos
Autor Corporativo: Elektronnaja Kazaň 2012. Meždunarodnaja naučno-praktičeskaja konferencija
Formato: Livro
Idioma:russo
Publicado em: Kazaň Juniversum 2012
Assuntos:
Tags: Adicionar Tag
Sem tags, seja o primeiro a adicionar uma tag!

MARC

LEADER 00000nam a2200000 4500
001 0152773
005 20240109073541.6
020 |a 978-5-9991-0171-6 
041 0 |a rus 
044 |a RU 
245 1 0 |a Elektronnaja Kazaň 2012  |b [zborník] : materialy četviortoj Meždunarodnoj naučno-praktičeskoj konferencii : Kazaň, 24 - 26 aprelja 2012 goda 
264 1 |a Kazaň  |b Juniversum  |c 2012 
300 |a 433 s. 
610 2 0 |a technológie informačné 
610 2 0 |a vyučovanie 
610 2 0 |a vzdelávanie 
610 2 0 |a vzdelávanie elektronické 
110 2 |a Elektronnaja Kazaň 2012. Meždunarodnaja naučno-praktičeskaja konferencija